• 首页
  • 本馆介绍
  • 公告通知
  • 最新文献
  • 馆藏检索
  • 电子资源
  • 读者导购
  • 参考咨询
  • 我的图书馆
  • 登录
  • 详细信息显示
  • 放入我的书架
  • 预约/预借图书
  • 作者相关作品
  • 分类相关作品
  • 丛书相关作品
  • 出版社相关作品

书目信息

  • 表格格式
  • 工作单格式
  • 卡片格式
题名:
旅游景区服务与管理
    
 
作者: 万剑敏 主编
分册:  
出版信息: 北京   高等教育出版社  2012
页数: 333页
开本: 26cm
丛书名:
单 册:
中图分类: F590.654
科图分类:
主题词: 旅游区--商业服务--高等职业教育--教材 , 旅游区--经济管理--高等职业教育--教材
电子资源:
ISBN: 978-7-04-035371-6
000 00946nam0 2200253 450
001 0102512683
005 20121211165857.0
010    @a978-7-04-035371-6@dCNY34.00
100    @a20121102d2012 em y0chiy0120 ea
101 0  @achi
102    @aCN@b110000
105    @aa z 000yy
106    @ar
200 1  @a旅游景区服务与管理@9Lu^ You Jing Qu;Ou Fu Wu Yu Guan Li @f万剑敏主编@b专著
210    @a北京@c高等教育出版社@d2012
215    @a333页@c图@d26cm
300    @a全国高职高专教育规划教材
330    @a本书根据旅游景区的开发建设与经营的实践,按照项目教学的要求,将内容构建为包括旅游景区认知,旅游景区规划与设计、旅游景区设施设备配置与管理、旅游景区人力资源配置与管理、旅游景区营销等15个项目。
606 0  @a旅游区@x商业服务@x高等职业教育@j教材
606 0  @a旅游区@x经济管理@x高等职业教育@j教材
690    @aF590.654@v5
701  0 @a万剑敏@c(女)@4主编@9wan jian min
801  0 @aCN@bAZmarc@c20230903
905    @aBZT@dF590@e76@f1@sF590/76
    
    旅游景区服务与管理/万剑敏主编.-北京:高等教育出版社,2012
    333页:图;26cm
    全国高职高专教育规划教材
    
    ISBN 978-7-04-035371-6:CNY34.00
    本书根据旅游景区的开发建设与经营的实践,按照项目教学的要求,将内容构建为包括旅游景区认知,旅游景区规划与设计、旅游景区设施设备配置与管理、旅游景区人力资源配置与管理、旅游景区营销等15个项目。
●
相关链接 在五车中查询图书 在当当中查询图书 在豆瓣中查询图书


正题名:旅游景区服务与管理     索取号:F590/76         预约/预借

序号 登录号 条形码 馆藏地/架位号 状态 备注
1 2000009082   2000009082   旧书回溯/ [索取号:F590/76] 在馆    
山东省滨州职业学院图书馆 欢迎您!
大连网信软件有限公司© 版权所有